00000000nam 2200000zi 4500
0019.872335
003CaOODSP
00520251103145032
006m     o  d f      
007cr cn|||||||||
008190501t20192019onca    o    f000 0 fre d
020 |a9780660307510
040 |aCaOODSP|bfre|erda|cCaOODSP
043 |an-cn---
0861 |aJ4-93/2018F-PDF|zP103-10/2017E- s
24500|aSondage national sur la justice de 2018 : |brapport final / |cpréparé pour le Ministère de la justice.
264 1|a[Ottawa] : |bMinistère de la justice Canada = Department of Justice Canada, |c2019.
264 4|c©2019
300 |a1 ressource en ligne (64 pages) : |billustrations en couleur + |esommaire exécutif (6 pages)
336 |atext|btxt|2rdacontent/fre
337 |ainformatique|bc|2rdamedia/fre
338 |aressource en ligne|bcr|2rdacarrier/fre
500 |aPublié aussi en anglais sous le titre : National justice survey 2018: final report.
500 |a« Fournisseur : Les associés de recherche Ekos inc. »
500 |a« No du contrat : 10040-18-0071/001/CY. »
500 |a« No d'inscription : POR 061-18. »
500 |a« Date : 15 mars 2019. »
500 |aLes exemplaires en PDF ont été remplacées (le 13/03/2020) par des versions modifiées à la demande par l'éditeur.
500 |aPublié aussi en format HTML.
69207|2gccst|aHarcèlement sexuel
69207|2gccst|aDroit de la famille
69207|2gccst|aJustice pénale
69207|2gccst|aVie privée
69207|2gccst|aDiscrimination
69207|2gccst|aOpinion publique
7101 |aCanada. |bMinistère de la justice.
7102 |aAssociés de recherche Ekos.
77508|tNational justice survey 2018 : |w(CaOODSP)9.872334
794 |tSondage national sur la justice, 2021 : |w(CaOODSP)9.902326
795 |tSondage national sur la justice de 2017 |w(CaOODSP)9.858040
85640|qPDF|s981 Ko|uhttps://publications.gc.ca/collections/collection_2019/jus/J4-93-2018-fra.pdf|z(rapport final)
85640|qPDF|s114 Ko|uhttps://publications.gc.ca/collections/collection_2019/jus/J4-93-2018-1-fra.pdf|z(sommaire exécutif)
8564 |qHTML|sS.O.|uhttps://epe.lac-bac.gc.ca/100/200/301/pwgsc-tpsgc/por-ef/justice_canada/2019/061-18-f/National_Justice_Survey_2018-FR.htm|z(rapport final)
8564 |qHTML|sS.O.|uhttps://epe.lac-bac.gc.ca/100/200/301/pwgsc-tpsgc/por-ef/justice_canada/2019/061-18-f/sommaire/sommaire.html|z(sommaire exécutif)